000 00485nam a2200169Ia 4500
999 _c22262
_d22262
003 OSt
005 20200210121226.0
008 190216s9999||||xx |||||||||||||| ||und||
040 _coclc
082 _a297
_bMOH/M
100 _aMohammad Ali P K
_91911
245 0 _aMohammad Nabiyude Jeevithavum Sandeshavum /
_c P K Mohammad Ali
260 _bAmina Book Stall
_c1982
300 _a253
650 _aIslamic History
942 _cBK
_2ddc
_h297
_iMOH/M
_k297
_mMOH/M